000 00475nam a2200157Ia 4500
008 160316s1995 xxu||||| |||| 00| 0 eng d
082 _a346.066000
_bGUP
100 _aGupta Sanjay Kumar
245 _aCompany formations : With specimen memorandum and articulates of associations and 323 model object clauses
250 _a
260 _aNew Delhi
_bBharat Law House
_c1995
300 _a408
_b
_c
365 _b
650 _a1.Company Law - Company Formation
700 _a
_a
999 _c9029
_d9029